Vyhľadávanie so zohľadnením osobných profilov

Salvato in:
Dettagli Bibliografici
Autore principale: Cích, Peter, 1986- (Autore)
Altri autori: Návrat, Pavol, 1952- (Relatore della tesi)
Natura: Manoscritto Libro
Lingua:slovacco
Pubblicazione: Bratislava : STU v Bratislave FIIT, 2010
Soggetti:
Accesso online:VAIS
Tags: Aggiungi Tag
Nessun Tag, puoi essere il primo ad aggiungerne!!

MARC

LEADER 00000ntm a22000003a 4500
001 stu218350
005 20150617230113.2
008 101203s2010----xo------------------slo-d
040 |a STU  |b slo 
041 0 |a slo 
044 |a xo 
100 1 |a Cích, Peter,  |d 1986-  |4 aut  |u I200  |U FIIT Fakulta informatiky a informačných technológií  |T FIIT Ústav informatiky a softvérového inžinierstva  |X 20432  |U I200  |Y 179  |7 A000020432 
242 0 0 |a Search Using Personal Profiles  |y eng 
245 1 |a Vyhľadávanie so zohľadnením osobných profilov 
260 |a Bratislava :  |b STU v Bratislave FIIT,  |c 2010 
300 |a 76 s  |c príl. 
650 7 |a softvérové inžinierstvo  |2 stusub 
650 7 |a Software Engineering  |2 estusub 
650 7 |a vyhľadávanie  |2 stusub 
650 7 |a profil  |2 stusub 
650 7 |a searching  |2 estusub 
700 1 |a Návrat, Pavol,  |d 1952-  |4 ths  |u I200  |U FIIT Fakulta informatiky a informačných technológií  |T FIIT Ústav informatiky a softvérového inžinierstva  |X 4660  |U I200  |Y 179  |7 4660 
856 4 |a info a plný text  |u http://is.stuba.sk/zp/portal_zp.pl?podrobnosti=48386  |3 VAIS 
996 |c I*DP15/10  |l II680  |s P  |a 0  |w stu218350_0001